000 00716nam a2200241 i 4500
001 92662
003 ES-MaACL
005 20250829112203.0
007 t|
008 050413s1979 sp ||||1| spa d
020 _a84-281-0410-7
080 _a81'286
100 1 _aBreton, Roland J. L.
_931631
245 1 0 _aGeografía de las lenguas /
_cRoland J. L. Breton.
250 _a1ª ed. en castellano.
260 _aBarcelona :
_bOikos-tau,
_c1979.
300 _a162 p. :
_bil. ;
_c18 cm.
490 1 _a¿Qué sé?. Nueva serie ;
_v126
650 1 7 _aGeografía lingüística
_2embne
_913080
830 0 _a¿Qué sé?
_v126
_9181382
852 _aES-MaACL
_jE-10957
_bR.135810
999 _c92662
_d92662